000 01412nam a2200361 i 4500
001 000038714
003 DO-SdBNP
005 20260115123814.0
006 a||||gr|||| 00| 0
007 ta
008 130419t1991 dr 001 e spa d
040 _aDO-SdBNP
_bspa
_cBNPHU
_erda
082 4 _222
_a158.1
_bA561h, 1991
100 1 _aAndrés, Mateo
_97205
_4autor
245 1 3 _aEl hombre en busca de felicidad :
_breflexiones psicológico-espirituales sobre la felicidad humana /
_cMateo Andrés.
250 _a2ª. edición
264 4 _aSanto Domingo :
_bMSC,
_c1991.
300 _a215 páginas ;
_c22 cm.
336 _2rdacontent
_atexto
_btxt
337 _2rdamedia
_asin mediación
_bn
338 _2rdacarrier
_avolumen
_bnc
490 _aLuz ;
_v4
500 _aIncluye datos bigráficos del autor en la contracubierta.
500 _aAlgunos capítulos de este libro son artículos que el autor ha ido publicando durante estos últimos años en Revista Amigo del Hogar.
505 0 _aPresupuesto. Siempre hay esperanza --
_tPrimera parte: Amar y ser amado --
_tSegunda parte: Hacerse feliz --
_tTercera parte: Hacerse hombre.
590 _aInventariado, 2024 / MF
650 1 0 _aFelicidad
_95856
650 1 4 _aActitud(psicologica)
_945938
650 1 0 _aAutorrealización (Psicología)
_9211
650 1 4 _aDesarrollo humano
_9213
910 _aValidado. Control de la calidad EMS
942 _2ddc
_cLBS1
999 _c38204
_d38204